000 00987nmm a2200325 a 4500
003 AR-BaBNM
005 20251128210801.0
008 091020s2000 ||||||||||||||000 | spa||
040 _cAR-BaBNM
100 1 _aNazar, María Inés
245 1 0 _aLa práctica docente en la carrera de psicopedagogía
260 _aLa Rioja
_bUniversidad Nacional de La Rioja
_c2000
300 0 _a165 p.
_bgráf.
500 0 _aContiene referencias bibliográficas
650 4 _aUNIVERSIDADES NACIONALES
650 4 _aENSENANZA UNIVERSITARIA
650 4 _aPLAN DE ESTUDIOS UNIVERSITARIO
650 4 _aPROFESORES UNIVERSITARIOS
650 4 _aRESULTADOS DE INVESTIGACION
650 4 _aMETODOS DE INVESTIGACION
650 4 _aPRACTICA DOCENTE
651 4 _aLa Rioja
653 0 _aEDUCACION SUPERIOR
653 0 _aPSICOPEDAGOGIA
700 1 _aIturralde, Sara Angélica
700 1 _aAyan, Claudia
_ecolaborador
700 1 _aTejeda, Mirta
_ecolaborador
942 _cBK
998 _cRAQUEL
999 _c16891
_d16891